[Event "Daehne Cup Region 14/15 III Rest"]
[Site "Isernhagen"]
[Date "2015.06.21"]
[Round "4"]
[White "Nidzwetzki, Nadja"]
[Black "Daehn, Patrick"]
[Result "0-1"]
[WhiteElo "988"]
[BlackElo "1320"]
[PlyCount "24"]
[EventDate "2015.06.??"]
[EventType "swiss"]
[EventCountry "GER"]
[SourceTitle "EXT 2022"]
[Source "ChessBase"]
[SourceDate "2021.10.06"]
[SourceVersion "1"]
[SourceVersionDate "2021.10.06"]
[SourceQuality "1"]

1. e4 e5 2. Nf3 Nc6 3. Bc4 Bc5 4. Nc3 d6 5. 0-0 f5 6. d3 f4 7. Bd2 Bg4 8. Nd5 Nd4 9. c3 Nxf3+ 10. gxf3 Bh3 11. Re1 Qg5+ 12. Kh1 Qg2# 0-1

[Event "Hannover-chA"]
[Site "Bueckeburg"]
[Date "2007.11.01"]
[Round "2"]
[White "Daehn, Patrick"]
[Black "Heiseke, Gerhard"]
[Result "0-1"]
[WhiteElo "1155"]
[BlackElo "1467"]
[PlyCount "82"]
[EventDate "2007.11.01"]
[EventType "swiss"]
[EventRounds "7"]
[EventCountry "GER"]
[SourceTitle "EXT 2021"]
[Source "ChessBase"]
[SourceDate "2020.10.23"]
[SourceVersion "1"]
[SourceVersionDate "2020.10.23"]
[SourceQuality "1"]

1. c4 c5 2. Nc3 Nc6 3. g3 e5 4. Bg2 Nf6 5. Bxc6 bxc6 6. e4 d6 7. d3 Be7 8. f4 exf4 9. Bxf4 0-0 10. Nge2 Bh3 11. d4 cxd4 12. Nxd4 c5 13. Ndb5 Qb6 14. Bxd6 Rfd8 15. e5 Ng4 16. Nd5 Qa5+ 17. Qd2 Qxd2+ 18. Kxd2 Bxd6 19. Nxd6 Nxe5 20. Nb7 Nxc4+ 21. Kc3 Rxd5 22. Kxc4 Be6 23. Nxc5 Rc8 24. Rhd1 Rdxc5+ 25. Kb4 Rc4+ 26. Ka5 Rb8 27. b3 Rc5+ 28. Ka6 Rc7 29. Rd6 Kf8 30. Rad1 Ke7 31. Ka5 Rbb7 32. b4 Bxa2 33. b5 Rc3 34. Ka6 Rcc7 35. R6d5 Rb6+ 36. Ka5 Bxd5 37. Rxd5 Rc2 38. Rh5 h6 39. h4 Ra2+ 40. Kb4 a6 41. Kb3 Ra5 0-1

[Event "Hannover-ch A/B"]
[Site "Lehrte"]
[Date "2006.10.17"]
[Round "7"]
[White "Reiners, Carl Amadeus"]
[Black "Daehn, Patrick"]
[Result "0-1"]
[WhiteElo "1670"]
[BlackElo "1078"]
[PlyCount "62"]
[EventDate "2006.10.14"]
[EventType "swiss"]
[EventRounds "7"]
[EventCountry "GER"]
[SourceTitle "EXT 2021"]
[Source "ChessBase"]
[SourceDate "2020.10.23"]
[SourceVersion "1"]
[SourceVersionDate "2020.10.23"]
[SourceQuality "1"]

1. c4 e5 2. Nc3 c6 3. Nf3 d6 4. d4 exd4 5. Nxd4 Nf6 6. e4 c5 7. Ndb5 a6 8. Na3 Be7 9. Bd3 0-0 10. 0-0 Nc6 11. h3 Bd7 12. f4 g6 13. Nc2 Nd4 14. Nxd4 cxd4 15. Ne2 b5 16. cxb5 Bxb5 17. Bxb5 axb5 18. Qxd4 Ra4 19. b4 d5 20. e5 Rxb4 21. Qd3 Ne4 22. Ba3 Qb6+ 23. Kh2 Nc5 24. Qe3 Re4 25. Qf2 b4 26. Rab1 Qb5 27. Nc3 Qc4 28. Nxe4 Nxe4 29. Qa7 bxa3 30. Qxe7 Nd2 31. Rbc1 Nxf1+ 0-1

[Event "Hannover-ch A/B"]
[Site "Lehrte"]
[Date "2006.10.16"]
[Round "5"]
[White "Daehn, Patrick"]
[Black "Heimberg, Guenter"]
[Result "0-1"]
[WhiteElo "1078"]
[BlackElo "1616"]
[PlyCount "74"]
[EventDate "2006.10.14"]
[EventType "swiss"]
[EventRounds "7"]
[EventCountry "GER"]
[SourceTitle "EXT 2021"]
[Source "ChessBase"]
[SourceDate "2020.10.23"]
[SourceVersion "1"]
[SourceVersionDate "2020.10.23"]
[SourceQuality "1"]

1. e4 e6 2. Nf3 d5 3. e5 c5 4. Be2 Ne7 5. d3 Ng6 6. 0-0 Qc7 7. d4 cxd4 8. Qxd4 a6 9. Bd3 Nc6 10. Qc3 Bb4 11. Qb3 Ngxe5 12. Nxe5 Qxe5 13. c3 Bd6 14. g3 Qf6 15. Be3 0-0 16. Qc2 g6 17. b4 Bd7 18. Nd2 Rfc8 19. Qb1 Be5 20. Bg5 Qg7 21. Qb3 Bxc3 22. Rac1 Bf6 23. Be3 Ne5 24. Bd4 Nxd3 25. Bxf6 Qxf6 26. Qxd3 Bb5 27. Rxc8+ Rxc8 28. Qe3 Bxf1 29. Nxf1 d4 30. Qe4 Rc7 31. Nd2 e5 32. Qd5 Rc1+ 33. Kg2 Qc6 34. Qxc6 Rxc6 35. Ne4 f5 36. Nc5 e4 37. Nxb7 d3 0-1

[Event "Hannover-ch A/B"]
[Site "Lehrte"]
[Date "2006.10.16"]
[Round "6"]
[White "Daehn, Patrick"]
[Black "Lieberum, Bodo"]
[Result "1/2-1/2"]
[WhiteElo "1078"]
[BlackElo "1375"]
[PlyCount "98"]
[EventDate "2006.10.14"]
[EventType "swiss"]
[EventRounds "7"]
[EventCountry "GER"]
[SourceTitle "EXT 2021"]
[Source "ChessBase"]
[SourceDate "2020.10.23"]
[SourceVersion "1"]
[SourceVersionDate "2020.10.23"]
[SourceQuality "1"]

1. c4 e5 2. Nc3 Bc5 3. Nf3 d6 4. d4 exd4 5. Nxd4 Qf6 6. Be3 Ne7 7. a3 a6 8. b3 0-0 9. Ne4 Qe5 10. Nxc5 dxc5 11. Nf3 Qc3+ 12. Bd2 Qf6 13. Bg5 Qe6 14. Ra2 Nbc6 15. Rd2 Nf5 16. Bd8 Nfd4 17. Nxd4 cxd4 18. Bxc7 Bd7 19. Bb6 Qf6 20. Bxd4 Nxd4 21. Rxd4 Bc6 22. e3 Rad8 23. Bd3 Rxd4 24. exd4 Bxg2 25. Rg1 Re8+ 26. Kd2 Qf4+ 27. Kc3 Bf3 28. Re1 Kf8 29. Rxe8+ Kxe8 30. Qe1+ Kf8 31. Bxh7 Qxh2 32. Qe3 Qh1 33. Bf5 Qa1+ 34. Kb4 a5+ 35. Kxa5 Qxa3+ 36. Kb6 Qa6+ 37. Kc7 Qa5+ 38. Kd6 Qxf5 39. d5 Qf6+ 40. Kd7 Bg4+ 41. Kc7 Qf5 42. Kxb7 Qc8+ 43. Kb6 Qb8+ 44. Kc5 Qa7+ 45. Kc6 Qd7+ 46. Kc5 Qa7+ 47. Kd6 Qd7+ 48. Kc5 Qa7+ 49. Kd6 Qd7+ 1/2-1/2

[Event "Hannover-ch A/B"]
[Site "Lehrte"]
[Date "2006.10.15"]
[Round "3"]
[White "Daehn, Patrick"]
[Black "Baum, Sarah"]
[Result "1-0"]
[WhiteElo "1078"]
[BlackElo "1085"]
[PlyCount "93"]
[EventDate "2006.10.14"]
[EventType "swiss"]
[EventRounds "7"]
[EventCountry "GER"]
[SourceTitle "EXT 2021"]
[Source "ChessBase"]
[SourceDate "2020.10.23"]
[SourceVersion "1"]
[SourceVersionDate "2020.10.23"]
[SourceQuality "1"]

1. c4 c6 2. Nc3 Nf6 3. Nf3 d5 4. e3 Bf5 5. Nd4 Qd7 6. Be2 e5 7. Nf3 Bd6 8. d4 Ne4 9. Nxe4 Bxe4 10. cxd5 Bxd5 11. dxe5 Bxf3 12. Bxf3 Bxe5 13. Qxd7+ Nxd7 14. 0-0 0-0 15. Bd2 Bxb2 16. Rab1 Ba3 17. Rxb7 Ne5 18. Be4 Bc5 19. f4 Nc4 20. Bc3 Nd6 21. Re7 Bxe3+ 22. Kh1 Nxe4 23. Rxe4 Rfe8 24. Rxe8+ Rxe8 25. Re1 Re4 26. Bd2 Rxf4 27. Bxe3 Re4 28. Rd1 f5 29. Bxa7 Re2 30. a3 Ra2 31. Bc5 Kf7 32. h3 Rc2 33. Bb4 c5 34. Rd7+ Ke6 35. Rc7 Kd6 36. Rc8 g5 37. a4 g4 38. hxg4 fxg4 39. Kh2 h5 40. Kg3 Rc4 41. Bxc5+ Rxc5 42. Rxc5 Kxc5 43. Kh4 Kb4 44. Kxh5 Kxa4 45. Kxg4 Kb4 46. Kf5 Kc4 47. g4 1-0